Countries of South East Asia - Statistics

General Stats
  • This quiz has been taken 873 times
    867 since last reset
  • The average score is 11 of 12
Answer Stats
Countries % Correct
Thailand
96%
Vietnam
96%
Indonesia
95%
Malaysia
94%
Laos
93%
Philippines
92%
Cambodia
91%
Singapore
91%
Myanmar
87%
Brunei
82%
East Timor
79%
Taiwan
60%
No matching quizzes found
Score Distribution
Percent of People with Each Score
Percentile by Number Answered
Your Score History
You have not taken this quiz since the last reset